Влияние ультразвуковых акустических волн на дифракцию рентгеновского излучения на кристалле кварца; Перспективы развития фундаментальных наук

Dades bibliogràfiques
Parent link:Перспективы развития фундаментальных наук.— 2011.— [ С. 103-105]
Autor principal: Ким В. Ю.
Altres autors: Стучебров С. Г. Сергей Геннадьевич (научный руководитель), Гоголев А. С. Алексей Сергеевич, Вагнер А. Р. Александр Рудольфович
Sumari:Заглавие с экрана
In the article are showed results of the experiment about a research of connection between parameters of the external influence and value of the diffracted x-rays. It is observed an increase of value of the diffracted x-rays.
Idioma:rus
Publicat: 2011
Col·lecció:Физика
Matèries:
Accés en línia:http://www.lib.tpu.ru/fulltext/c/2011/C21/004.pdf
Format: Electrònic Capítol de llibre
KOHA link:https://koha.lib.tpu.ru/cgi-bin/koha/opac-detail.pl?biblionumber=270302

MARC

LEADER 00000naa2a2200000 4500
001 270302
005 20260116140134.0
035 |a (RuTPU)RU\TPU\book\293483 
090 |a 270302 
100 |a 20140925d2011 k y0rusy50 ca 
101 0 |a rus 
102 |a RU 
135 |a drcn ---uucaa 
181 0 |a i  
182 0 |a b 
200 1 |a Влияние ультразвуковых акустических волн на дифракцию рентгеновского излучения на кристалле кварца  |d The influence of ultrasonic acoustic waves on the diffraction of x-rays on a crystal of quartz  |f В. Ю. Ким, С. Г. Стучебров, А. С. Гоголев  |g науч. рук. А. Р. Вагнер 
203 |a Текст  |c электронный 
215 |a 1 файл(455 Кб) 
225 1 |a Физика 
300 |a Заглавие с экрана 
320 |a [Библиогр.: с. 105 (4 назв.)] 
330 |a In the article are showed results of the experiment about a research of connection between parameters of the external influence and value of the diffracted x-rays. It is observed an increase of value of the diffracted x-rays. 
337 |a Adobe Reader 
463 1 |0 (RuTPU)RU\TPU\book\256878  |t Перспективы развития фундаментальных наук  |l Prospects of fundamental sciences development  |o сборник научных трудов VIII Международной конференция студентов и молодых ученых, г. Томск, 26-29 апреля 2011 г.  |f Национальный исследовательский Томский политехнический университет (ТПУ) ; ред. коллегия Е. А. Вайтулевич ; Г. А. Лямина ; Г. А. Воронова ; М. П. Никитич ; А. М. Лидер ; Ю. Р. Цой ; М. Е. Семенов ; А. В. Коршунов ; О. Г. Литвинова  |v [ С. 103-105]  |d 2011 
510 1 |a The influence of ultrasonic acoustic waves on the diffraction of x-rays on a crystal of quartz  |z eng 
610 1 |a электронный ресурс 
610 1 |a труды учёных ТПУ 
610 1 |a ультразвуковые волны 
610 1 |a рентгеновское излучение 
610 1 |a кристаллы 
700 1 |a Ким  |b В. Ю. 
701 1 |a Стучебров  |b С. Г.  |c физик  |c доцент Томского политехнического университета, кандидат физико-математических наук  |f 1981-  |g Сергей Геннадьевич  |3 (RuTPU)RU\TPU\pers\31441  |9 15603 
701 1 |a Гоголев  |b А. С.  |c физик  |c доцент Томского политехнического университета, кандидат физико-математических наук  |f 1983-  |g Алексей Сергеевич  |3 (RuTPU)RU\TPU\pers\26565  |9 12254 
702 1 |a Вагнер  |b А. Р.  |c физик  |c доцент Томского политехнического университета  |f 1983-  |g Александр Рудольфович  |3 (RuTPU)RU\TPU\pers\28129  |4 727 
801 2 |a RU  |b 63413507  |c 20140925  |g RCR 
856 4 |u http://www.lib.tpu.ru/fulltext/c/2011/C21/004.pdf 
942 |c CF